| 000 -LEADER |
| fixed length control field |
00878nam a22001577a 4500 |
| 003 - CONTROL NUMBER IDENTIFIER |
| control field |
OSt |
| 005 - DATE AND TIME OF LATEST TRANSACTION |
| control field |
20150915111924.0 |
| 008 - FIXED-LENGTH DATA ELEMENTS--GENERAL INFORMATION |
| fixed length control field |
150915b xxu||||| |||| 00| 0 eng d |
| 040 ## - CATALOGING SOURCE |
| Transcribing agency |
RUA |
| 082 ## - DEWEY DECIMAL CLASSIFICATION NUMBER |
| Classification number |
AGR CHE 1999 B024 Or.1 |
| 100 ## - MAIN ENTRY--PERSONAL NAME |
| 9 (RLIN) |
506 |
| Personal name |
CHETH, KIMNGOY. |
| 245 ## - TITLE STATEMENT |
| Title |
Effect of organic and inorganic fertilizer residual on the growth of rice after the first rice crop a case study of prateah lang soil group at glasshouse ឥទ្ធិពលនៃសំណល់ជីគិមី និងជីសរីរាង្គពីដំណាំស្រូចលើកទី១លើការលូតលាស់ដំណាំស្រូវលើកទី២លើក្រុមដីប្រទះឡាងក្នុងលក្ខខ័ណ្ឌផ្ទះកញ្ចក់ |
| 260 ## - PUBLICATION, DISTRIBUTION, ETC. (IMPRINT) |
| Place of publication, distribution, etc. |
Phnom Penh |
| Name of publisher, distributor, etc. |
RUA |
| Date of publication, distribution, etc. |
1999 |
| 300 ## - PHYSICAL DESCRIPTION |
| Extent |
85p. |
| Other physical details |
ill. |
| Dimensions |
29cm. |
| 942 ## - ADDED ENTRY ELEMENTS (KOHA) |
| Source of classification or shelving scheme |
|
| Koha item type |
AGR |